Reliez le personnage de Toy Story à son film d'apparition - Statistiques

Statistiques générales
  • Ce quiz a été pris 209 fois
  • Le résultat moyen est 14 sur 23
Statistiques - réponses
Hint Réponse % Correct
Zig-Zag Toy Story 1
97%
Jessie Toy Story 2
84%
Lotso Toy Story 3
84%
Rex Toy Story 1
82%
Bayonne Toy Story 1
79%
Fourchette Toy Story 4
76%
Papi Pépite Toy Story 2
72%
Pile-Poil Toy Story 2
68%
Ken Toy Story 3
68%
Ducky et Bunny Toy Story 4
66%
Gabby Gabby Toy Story 4
65%
Sid Phillips Toy Story 1
63%
Karting Toy Story 1
61%
Madame Patate Toy Story 2
55%
Al McWhiggin Toy Story 2
52%
Duke Caboom Toy Story 4
51%
Siffli Toy Story 2
49%
Giggle McDimples Toy Story 4
49%
Téléphone Toy Story 3
42%
Vermisseau Toy Story 3
36%
Monsieur Labrosse Toy Story 3
36%
Lenny Toy Story 1
30%
Benson Toy Story 4
28%
Aucun quiz correspondant
Distribution des résultats
% des personnes avec chaque résultat
Percentile par nombre de réponses
Votre historique - résultats
Vous n’avez pas pris ce quiz